000 00694cab a2200265 4500
001 ABS53552
008 090401t1995 xxu||||| |||| 00| 0 eng d
035 _a(Sirsi) u5060
041 _aeng
245 _aEstates Times survey: Cheshire & North Wales
260 _c1995
350 _a0
490 _aEstates Times
_v(1294) 15 September 1995, 9-16(8)
650 _aCHESHIRE OAKS
650 _aCHESTER
650 _aCREWE
650 _aINFRASTRUCTURE DEVELOPMENT
650 _aNANTWICH
650 _aTRANS EUROPEAN NETWORKS
650 _aWARRINGTON
650 _aWREXHAM
690 _aPROPERTY-COMMERCIAL PROPERTY-COMMERCIAL PROPERTY MARKET
942 _n0
948 _c04/03/1997
999 _c3038
_d3038